| 000 | 01902nam0a2200349 4500 | ||
|---|---|---|---|
| 001 | RU\NLR\bibl\469925 | ||
| 005 | 20260215055741.0 | ||
| 035 | _a(NLR Aleph) 000463173 | ||
| 090 |
_a946807 _c946807 |
||
| 100 | _a20031208d1982 |||y0rusy50 ca | ||
| 101 | 0 | _arus | |
| 102 | _aRU | ||
| 105 | _aa ||||||||| | ||
| 200 | 1 |
_aМоя Родина _eКат. выст. кн. знаков _f[Сост.: Э.Д. Гетманский, А.П. Каспина] |
|
| 210 |
_aТула _cБ.и. _d1982 |
||
| 215 |
_a42,[2] с. _cил. _d20 |
||
| 300 | _aЗагл. обл.: Советский художественный книжный знак | ||
| 300 | _aВ ндзаг.: Тул. обл. совет профсоюзов, Дворец культуры профсоюзов | ||
| 512 | 1 | _aСоветский художественный книжный знак | |
| 601 | 0 | 2 |
_aДворец культуры профсоюзов _cТула _xВыставки экслибрисов _z1982 _92322600 _3RU\NLR\auth\661389429 |
| 604 |
_1200#1$aГетманский$bЭ.Д.$gЭдуард Данилович _12350#$aКоллекция экслибрисов _aГетманский, Эдуард Данилович _tКоллекция экслибрисов _3RU\NLR\AUTH\661388923 _92321687 |
||
| 606 | 0 |
_aЭкслибрисы _xКоллекция Э.Д.Гетманского. Тула, город _yСССР _92155735 _3RU\NLR\auth\661297803 |
|
| 606 | 0 |
_aЭкслибрисы _xВыставки _yСССР _yТула, г. _z1982 _92322527 _3RU\NLR\auth\661389385 |
|
| 686 | _aЩ101.3(2Р)-4Гетманский | ||
| 686 | _aЩ153(2)7-487л61 | ||
| 702 | 1 |
_aГетманский _bЭ. Д. _gЭдуард Данилович _4220 |
|
| 801 | 0 |
_aRU _bNLR _c20031208 _gPSBO |
|
| 801 | 1 |
_aRU _bNLR _c20031208 |
|
| 830 | _aСост. по ЭК | ||
| 942 | _cBOOK | ||
| 980 | _aNB | ||